000 00825nam a2200289Ia 4500
005 20250425161833.0
008 250425s9999 xx 000 0 und d
020 _a9682612942
041 _aspa
043 _amx
082 _a519.5
100 _aKOHLER, HEINZ
245 0 _aESTADISTICA PARA NEGOCIOS Y ECONOMIA
250 _a1A ED.
260 _aMéxico
_bCOMPOAÑIA EDITORIAL CONTINENTAL, S.A. DE C.V.
_c1996
260 _aS.L.
300 _a1047
500 _aTítulo Traducido: STATISTICS FOR BUSINESS AND ECONOMICS
650 _aANALISIS DE VARIANCIA
650 _aANALISIS ESTADISTICO
650 _aESTADISTICA DESCRIPTIVA
650 _aPROBABILIDAD
700 _aJORGE HUMBERTO ROMO MUÑOZ
_etraductor
710 _aEDITORIAL CONTINENTAL, S.A. DE C.V., MEXICO
942 _c01
010 _a31825
999 _c217117
_d217117